Groups of things #4 - Statistics

General Stats
  • This quiz has been taken 265 times
  • The average score is 13 of 30
Answer Stats
Group Answer % Correct
Countries start with H Haiti
90%
Countries start with H Honduras
86%
Countries start with H Hungary
83%
Alkali Metals Lithium
79%
Alkali Metals Potassium
68%
Alkali Metals Sodium
60%
Canadian provinces Quebec
57%
Top 5 Largest Seas Mediterranean Sea
56%
Canadian provinces Ontario
54%
Canadian provinces Alberta
47%
Summer Olympic Host Cities but canceled Berlin
46%
Mesozoic of geologic periods Jurassic
45%
Canadian provinces British Columbia
44%
Summer Olympic Host Cities but canceled London
44%
Top 5 Largest Seas Caribbean Sea
40%
Canadian provinces Manitoba
39%
Canadian provinces Nova Scotia
38%
Top 5 Largest Seas South China Sea
38%
Alkali Metals Francium
37%
Alkali Metals Rubidium
35%
Köppen climate classification Tropical
31%
Summer Olympic Host Cities but canceled Tokyo
27%
Alkali Metals Caesium
26%
Mesozoic of geologic periods Triassic
25%
Köppen climate classification Temperate
23%
Top 5 Largest Seas Arabian Sea
22%
Köppen climate classification Arid
20%
Mesozoic of geologic periods Cretaceous
19%
Top 5 Largest Seas Coral Sea
11%
Köppen climate classification Continental
4%
No matching quizzes found
Score Distribution
Percent of People with Each Score
Percentile by Number Answered
Your Score History
You have not taken this quiz